| 000 | 00534nam a2200193 a 4500 | ||
|---|---|---|---|
| 005 | 20210219152932.0 | ||
| 008 | 991125n 000 0 u | ||
| 035 | _aUPN01000067603 | ||
| 222 | _aCOMUNICACION EDUCATIVA SEP | ||
| 245 | _a50 mil egresados de tecnológicos incorporados al sector productivo | ||
| 300 | _a18 | ||
| 362 | _a1984 Año 2, no. 16, nov. | ||
| 653 | 0 | _aEDUCACION TÉCNICA | |
| 653 | 0 | _aMEXICO | |
| 653 | 0 | _aMERCADO LABORAL | |
| 653 | 0 | _aPROFESIONAL TECNICO | |
| 904 |
_aAC _b005414 |
||
| 905 | _aArticulo | ||
| 999 |
_c64103 _d64103 |
||